Nástroje verejných financií v politike trhu práce uplatňované v okrese Lučenec diplomová práca
Guardado en:
| Autor principal: | |
|---|---|
| Autor Corporativo: | |
| Otros Autores: | |
| Formato: | Libro |
| Lenguaje: | eslovaco |
| Publicado: |
Bratislava
2008/2009
|
| Etiquetas: |
Sin Etiquetas, Sea el primero en etiquetar este registro!
|
MARC
| LEADER | 00000nam$a2200000$$$4500 | ||
|---|---|---|---|
| 001 | 0078776 | ||
| 005 | 20240201115742.7 | ||
| 041 | 0 | |a slo | |
| 044 | |a SK | ||
| 245 | 1 | 0 | |a Nástroje verejných financií v politike trhu práce uplatňované v okrese Lučenec |b diplomová práca |c Eliška Štefančíková ; škol. Jana Kubicová |
| 264 | 1 | |a Bratislava |c 2008/2009 | |
| 300 | |a 84 s. | ||
| 100 | 1 | |a Štefančíková, Eliška | |
| 700 | 1 | |a Kubicová, Jana, 1961- | |
| 710 | 2 | |a Národohospodárska fakulta EU. Katedra financií | |